| 000 | 00861nam a22003017a 4500 | ||
|---|---|---|---|
| 001 | 000569 | ||
| 003 | DO-SdBNP | ||
| 005 | 20161019102843.0 | ||
| 007 | 000569 | ||
| 008 | 161019b 1994 sp a ||||| |||| 00| 0 spa d | ||
| 020 | _a8401315085 | ||
| 040 |
_aBPMSU _bspa _cBPMSU |
||
| 041 | 1 | 7 |
_aspa _heng |
| 082 |
_axxxxxx _bxxxxxx |
||
| 240 |
_aBirds. _lEspañol |
||
| 245 | 1 | 0 |
_aAves / _casesor, Alan Harris. |
| 260 |
_aBarcelona : _bPlaza Joven, _c1994. |
||
| 300 |
_a49 p. : _bil. ; _c31 cm. |
||
| 490 | 1 | _aEnciclopedia ilustrada. | |
| 500 | _aA Dorling Kindersley" - Título página reverso. | ||
| 650 | _aBirds -- Juvenile literature. | ||
| 650 | _aAves -- Literatura juvenil. | ||
| 650 | _aBirds. | ||
| 700 | 1 |
_aHarris, Alan, _eas. |
|
| 830 | 0 | _aEnciclopedia ilustrada. | |
| 942 |
_2ddc _cBK |
||
| 956 |
_2LOPEREZ _310 _620161019 _8BPMSU _a10 |
||
| 999 |
_c11600 _d11600 |
||